000 00615nam a2200169 a 4500
001 000047829
005 20201002060748.0
008 180827s2004 dr c 000 0 spa d
040 _aDO-SdBNP
_bspa
_cBNPHU
082 _axxx
_bxxxx
100 1 _aRuiz, Remedios (Aleph)
_975402
245 1 0 _aSistematización de la experiencia :
_bplanificacion urbana participativa La Ciénega y Los Guandules /
_cRemedios Ruiz ; fotografías Alexis Peña.
260 _aSanto Domingo, :
_bCiudad alternativa,
_c2004.
300 _a89 p. :
_bretrs. ;
_c28 cm.
590 _aInventariado, 2018/ YL
700 1 _aPeña, Alexis
_efot.
_95700
999 _c47317
_d47317